Minecraft - Guess the Operator Items by Picture - Statistics

General Stats
  • This quiz has been taken 17 times
  • The average score is 17 of 36
Answer Stats
Picture Answer % Correct
Command Block
100%
Deprecated Anvil
93%
Barrier
86%
Minecart with Command Block
79%
Invisible Bedrock
71%
Light
71%
Debug Stick
64%
Petrified Oak Slab
64%
Knowledge Book
57%
Chain Command Block
50%
Deprecated Purpur Block
50%
Lingering Potion of Luck
50%
Potion of Luck
50%
Splash Potion of Luck
50%
Structure Block
50%
Arrow of Luck
43%
Jigsaw Block
43%
Structure Void
43%
Lingering Potion of Decay
36%
Painting - Earth
36%
Painting - Fire
36%
Painting - Water
36%
Painting - Wind
36%
Potion of Decay
36%
Repeating Command Block
36%
Splash Potion of Decay
36%
Test Block
36%
Arrow of Decay
29%
Nether Reactor Core
29%
Old Stonecutter
29%
Uncraftable Potion
29%
Test Instance Block
21%
Uncraftable Lingering Potion
21%
Uncraftable Splash Potion
21%
Uncraftable Tipped Arrow
21%
Glowing Obsidian
14%
No matching quizzes found
Score Distribution
Percent of People with Each Score
Percentile by Number Answered
Your Score History
You have not taken this quiz